| 000 | 00000nam##2200000za#4500 |
| 001 | 9.690196 |
| 003 | CaOODSP |
| 005 | 20210624232230 |
| 007 | cr ||||||||||| |
| 008 | 150407|2007||||xxc|||||o f|0| 0 eng|d |
| 020 | |a978-0-662-46819-6 |
| 040 | |aCaOODSP|beng |
| 043 | |an-cn--- |
| 086 | 1 |aEn84-56/2007E-PDF |
| 110 | 1 |aCanada. |bEnvironment Canada. |bAudit and Evaluation Branch. |
| 245 | 10|aEvaluation of the Georgia Basin Action Plan |h[electronic resource] |
| 260 | |aVancouver - British Columbia : |bEnvironment Canada. |cAugust 2007. |
| 300 | |a66p.|bfigs., tables |
| 590 | |a13-14-Supp|b2013-05-30 |
| 690 | 07|aAquatic ecosystems|2gcpds |
| 775 | 08|tÉvaluation du Plan d'action du bassin de Georgia |w(CaOODSP)9.634569 |
| 856 | 40|ahttp://publications.gc.ca|qPDF|s482 KB|uhttps://publications.gc.ca/collections/collection_2013/ec/En84-56-2007-eng.pdf |